00745nam a2200229 a 4500008004100000040002500041041000800066100002400074245008600098250001200184260004800196300004000244490001900284700002500303700002800328765002200356020000700378044001100385958000600396999001700402952009600419960124s1974||||xx 0 slo c aSNKbslocSNKeAACR21 aslo1 aArnold, Elliot4aut10aPokrvný bratcElliott Arnold ; Prel. Karol Dlouhý ; Ilustr. Miloš Urbánek a1. vyd. aBratislavabSmenac1974eS.l.PravdafPravda a498, [3] s.b[8] obr. príl.c8ř0 aMájvzv. 2371 aDlouhý, Karol4trl1 aUrbánek, Miloš4ill0 tBlood Brother ... c38 axocSK aA c10537d10537 001040708Ka10000b10000d2019-11-29g38.00i09910oB 4089r2019-11-29w2019-11-29yKLDO